书目信息 |
| 题名: |
西藏大事记
|
|
| 作者: | 郭兹文 编 | |
| 分册: | ||
| 出版信息: | 北京 民族出版社 1959 |
|
| 页数: | 70页 | |
| 开本: | 20cm | |
| 丛书名: | ||
| 单 册: | ||
| 中图分类: | D67 | |
| 科图分类: | ||
| 主题词: | 政治--中国 | |
| 电子资源: | ||
| ISBN: | ||
| 000 | 00509nam0 2200193 450 | |
| 001 | 0637724640 | |
| 005 | 20060817102949.23 | |
| 100 | @a20060817d1959 km y0chiy0120 ea | |
| 101 | 0 | @achi |
| 102 | @aCN@b110000 | |
| 200 | 1 | @a西藏大事记@e1949-1959@Axi zang da shi ji@f郭兹文编@Fguo zi wen bian |
| 210 | @a北京@c民族出版社@d1959 | |
| 215 | @a70页@d20cm | |
| 517 | 1 | @a1949-1959 |
| 606 | 0 | @a政治@x中国 |
| 690 | @aD67@v3 | |
| 701 | 0 | @a郭兹文@Aguo zi wen@4编 |
| 801 | 0 | @aCN@bPFT@c20060817 |
| 905 | @a10447@dD67@e44 | |
| 西藏大事记:1949-1959/郭兹文编.-北京:民族出版社,1959 |
| 70页;20cm |
| ISBN : |
| ● |
| 相关链接 |
|
|
|
|
正题名:西藏大事记
索取号:D67/44
 
预约/预借
| 序号 | 登录号 | 条形码 | 馆藏地/架位号 | 状态 | 备注 |
| 1 | 0465281 | 204652811 | 密集书库/ [索取号:D67/44] | 在馆 |